000 00600nam a2200253Ia 4500
005 20260121154820.0
008 008 260114s9999 xx 000 0 eng d
020 _a9781003010456
037 _aEBOOK
040 _aCRL
040 _beng
040 _cCRL
041 _2eng
041 _aeng
084 _qCRL
100 _a Marianna Klar
_91011845
245 0 _aStructural Dividers in the Qur'an
260 _bTaylor and Francis
260 _c2021
856 _uhttp://www.taylorfrancis.com/books/9781003010456
942 _cEBOOK
999 _c1578664
_d1578664